[Event "Østlandsserien 2019/2020, 4. div. D"]
[Site "Oslo NOR"]
[Date "2019.11.03"]
[Round "1"]
[White "Linna, Lars"]
[Black "Kielland-Lund, Jon"]
[Result "1/2-1/2"]
[WhiteElo "1557"]
[BlackElo "1694"]
[Annotator "Tactical Analysis 2.10 (7s)"]
[PlyCount "65"]
[EventDate "2019.11.03"]
[WhiteTeam "Kampen 2"]
[BlackTeam "Follo 2"]

1. e4 c6 2. d4 d5 3. Nc3 dxe4 4. Nxe4 Bf5 5. Ng3 Bg6 6. Nf3 Nd7 7. Bd3 e6 8.
Bxg6 hxg6 9. O-O {LiveBook: 4 Games} Qc7 10. Re1 Ngf6 11. Ne5 {White has an
edge.} Nxe5 12. dxe5 Rd8 13. Qe2 Nd5 14. c3 Be7 15. Bd2 O-O 16. Rad1 c5 17. c4
Nb4 $1 () {Rdxe2 [%emt 0:00:04]} 18. Bxb4 $1 cxb4 19. b3 Bc5 20. h4 Rxd1 21.
Rxd1 Rd8 22. Rxd8+ Qxd8 23. Ne4 b6 24. Nxc5 (24. g3 {with more complications.}
Qb8 25. Nd2 Qa8 26. Nf3 Be7 27. Qe3) 24... bxc5 $14 {[%mdl 4096] Endgame KQ-KQ}
25. g3 Qd4 26. Kg2 Kf8 (26... Qe3 {[%emt 0:00:01]}) 27. Kf3 Qc3+ {[%eval 67,26]
} (27... Qd7 $11 {[%eval 18,30]}) 28. Qe3 $1 {White is slightly better.} Qxe3+
$1 29. Kxe3 Ke7 30. f4 Kd7 31. g4 {[%cal Bg3g4,Bg4g5] [%mdl 32]} Ke7 32. Ke4 a6
33. g5 1/2-1/2

[Event "Østlandsserien 2019/2020, 4. div. D"]
[Site "Oslo NOR"]
[Date "2019.11.03"]
[Round "1"]
[White "Larsen, Jo Ingebrigt"]
[Black "Nordgarden, Terje"]
[Result "1-0"]
[WhiteElo "1527"]
[BlackElo "1556"]
[Annotator "Tactical Analysis 2.10 (9s)"]
[PlyCount "91"]
[EventDate "2019.11.03"]
[WhiteTeam "Follo 2"]
[BlackTeam "Kampen 2"]

1. d4 d5 2. Bf4 Nc6 3. e3 e6 4. Nd2 Bd6 5. Bg3 Nf6 6. c3 O-O 7. Ngf3 Ng4 8. Bd3
{The position is equal.} Re8 9. Ne5 Ncxe5 10. dxe5 Nxe5 {[#]} 11. Bxh7+ $1 {
[%mdl 512]} Kxh7 12. Qh5+ Kg8 {...Nd3+ is the strong threat.} 13. Bxe5 Bxe5 14.
Qxe5 f6 15. Qh5 e5 {[%cal Be6e5,Be5e4] [%mdl 32]} 16. Nf3 e4 17. Nd4 Re5 18.
Qh4 c5 19. Ne2 Be6 (19... Qb6 $1 $15 20. b3 Qa6) 20. Nf4 Bf7 $1 21. Qg3 (21.
O-O-O $15 {feels stronger.}) 21... g5 $2 (21... d4 $17 {and life is bright.
And now ...dxc3 would win.} 22. exd4 cxd4 23. cxd4 Qxd4) 22. h4 $16 g4 ({Black
should try} 22... Qe7) 23. Qxg4+ Kf8 (23... Kh7 $16 24. O-O-O b5) 24. Ng6+ ({
White should play} 24. O-O-O $18) 24... Bxg6 25. Qxg6 Ke7 (25... Qe7 $16 26.
Rd1 Qg7 27. Qxg7+ Kxg7) 26. Qg7+ $18 Kd6 27. Qxb7 Re7 28. Qa6+ Qb6 29. Qxb6+
axb6 {[%mdl 4096] Endgame KRR-KRR} 30. a3 Rg7 31. g3 Ke5 32. Rd1 Rd8 33. Ke2 d4
$2 (33... f5 {is a better defense.} 34. a4 Rc8) 34. exd4+ cxd4 35. Rxd4 Rxd4 (
35... Rgg8 {was called for.} 36. Ke3 Rxd4) 36. cxd4+ Kxd4 {KR-KR} 37. Rd1+ Ke5
38. Ke3 f5 39. Rc1 Kd5 40. Kf4 {White is clearly winning.} b5 41. h5 {[%cal
Bh4h5,Bh5h6] [%mdl 32]} Ke6 (41... Rh7 $142 42. Rh1 Ke6) 42. Rc6+ Kd5 43. h6
Rg4+ 44. Kxf5 Rxg3 45. fxg3 {[#] Intending Rc1 and mate.} Kxc6 46. Kxe4 {
Precision: White = 58%, Black = 24%.} (46. Kf4 $142 e3 47. Kxe3 Kd6 48. h7 Ke5
49. b4 Ke6 50. h8=Q Kd7 51. Kd4) 1-0

[Event "Østlandsserien 2019/2020, 4. div. D"]
[Site "Oslo NOR"]
[Date "2019.11.03"]
[Round "1"]
[White "Kellman, Jukka M K"]
[Black "Olsen, Trygve"]
[Result "0-1"]
[WhiteElo "1402"]
[BlackElo "1498"]
[PlyCount "134"]
[EventDate "2019.11.03"]
[WhiteTeam "Kampen 2"]
[BlackTeam "Follo 2"]

1. d4 d5 2. c4 c6 3. Nc3 Nf6 4. Nf3 e6 5. Bg5 Be7 6. e3 Ne4 7. Bxe7 Qxe7 8.
cxd5 cxd5 9. Bd3 f5 10. O-O O-O 11. Rc1 a6 12. Bb1 b5 13. a3 Nd7 14. Ne2 Nb6
15. Ne5 Bb7 16. Nc3 Nf6 17. Ne2 Nc4 18. Nxc4 bxc4 19. Nf4 Rac8 20. Nh5 Ng4 21.
h3 Nh6 22. Qc2 Rc7 23. f4 Qh4 24. Qe2 g6 25. Ng3 Bc6 26. Nh1 Rfc8 27. Nf2 Bb5
28. Qd2 Qe7 29. Nd1 c3 30. Nxc3 Bxf1 31. Kxf1 g5 32. fxg5 Qxg5 33. Re1 Rf7 34.
Ne2 Rf6 35. Nf4 Nf7 36. Qa5 Rc6 37. Qa4 e5 38. Nxd5 Rg6 39. g4 h5 40. dxe5 hxg4
41. Nf6+ Rcxf6 42. exf6 Rxf6 43. Qf4 Qh4 44. Ba2 Qxh3+ 45. Kf2 Kg7 46. Bxf7
Kxf7 47. Qg3 Qh6 48. Qf4 Qxf4+ 49. exf4 Rd6 50. Re2 Rh6 51. Kg3 Rh3+ 52. Kg2
Rb3 53. Rd2 Ke6 54. Re2+ Kd6 55. Kf2 Rf3+ 56. Kg2 Rxf4 57. Re3 Rd4 58. b4 f4
59. Rc3 Rd2+ 60. Kf1 g3 61. Rf3 Ke5 62. Kg1 Ke4 63. Rc3 f3 64. Rc1 Kd3 65. a4
Rg2+ 66. Kf1 Rh2 67. Kg1 f2+ 0-1

[Event "Østlandsserien 2019/2020, 4. div. F"]
[Site "Askim, Østfold NOR"]
[Date "2019.11.03"]
[Round "1"]
[White "Aamodt, Peder Marcus"]
[Black "Arulmaran, Abishan"]
[Result "1-0"]
[WhiteElo "1445"]
[BlackElo "1519"]
[Annotator "Brenden, Torbjørn"]
[PlyCount "61"]
[EventDate "2019.11.03"]
[WhiteTeam "Follo 3"]
[BlackTeam "Indre Østfold 2"]

1. d4 d5 2. Nf3 Nf6 3. c4 e6 4. Nc3 c6 5. e3 Bd6 6. Bd3 O-O 7. O-O dxc4 8. Bxc4
b5 9. Bd3 a5 10. a3 Na6 11. e4 {Peder har fordel på +1.51 ifølge Fritz} Bc7 12.
e5 Nd5 13. Bxh7+ $1 {Auda !} Kh8 ({Kxh7 er bedre men gir likevel hvit fordel
på over +5} 13... Kxh7 14. Ng5+ Kg6 (14... Kg8 15. Qh5 {Game over}) 15. h4 Rh8
16. Qd3+ f5 17. exf6+ Kxf6 18. Qf3+ Ke7 (18... Bf4 19. Bxf4 Ke7 (19... Nxf4 20.
Qxf4+ Ke7 21. Qf7+ Kd6 22. Nge4#) 20. Nxd5+ (20. Be5 Qg8 {Med fordel på +5.8}))
19. Qf7+ Kd6 20. Nge4#) 14. Be4 $2 ({Denne varianten vinner med +9.37 i fordel
} 14. Ng5 f6 (14... Qxg5 15. Bxg5 Kxh7 16. Qh5+ Kg8 17. Nxd5 cxd5) 15. Qh5 fxg5
16. Bg6+ Kg8 17. Qh7#) 14... g6 15. Nxd5 exd5 16. Bg5 f6 17. Bxf6+ Rxf6 18.
exf6 dxe4 19. Ng5 {stillingen er lik} Qxf6 20. Nxe4 Bxh2+ $2 {Tapertrekket som
avgjør matcen} (20... Qh4 21. Ng3 Bd7 22. Re1 Rf8 $11) 21. Kxh2 {[%eval 396,0]
.Fritz:} Qh4+ 22. Kg1 Qxe4 23. Re1 Qf5 24. Qc1 $2 ({bedre var} 24. Re8+ Kg7 25.
Qb3 Qf7 26. Qe3 Qf6 27. Re1 {Med +9 i fordel}) 24... Be6 25. Qxc6 Bd5 26. Qd6
Rf8 27. f3 Rf6 28. Qd8+ Kg7 29. Re7+ Kh6 30. Qh8+ Kg5 31. Re5 {Oppgitt} 1-0

[Event "Østlandsserien 2019/2020, 4. div. F"]
[Site "Askim, Østfold NOR"]
[Date "2019.11.03"]
[Round "1"]
[White "Maurtvedt, Ola"]
[Black "Bakkerud, Balder Jonsson"]
[Result "0-1"]
[WhiteElo "1452"]
[BlackElo "1186"]
[Annotator "Brenden, Torbjørn"]
[PlyCount "92"]
[EventDate "2019.11.03"]
[WhiteTeam "Indre Østfold 2"]
[BlackTeam "Follo 3"]

1. d4 Nf6 2. c4 e6 3. Nc3 d5 4. Nf3 Be7 5. Bf4 O-O 6. Qc2 c5 7. cxd5 cxd4 8.
Nxd4 Nxd5 9. Nxd5 Qxd5 {[%eval -64,0] Balder har kommet best ut av åpningen.
Fritz:} 10. Nb3 Rd8 11. Rc1 Nc6 12. e4 Bb4+ $1 {Bra trekk. Ignorer trusselen
mot Dronningen.} 13. Nd2 Qxa2 {[%eval -288,0] Balder finner det beste trekket.
Fritz:} 14. Bc4 Qa5 {[%eval -313,0] Beste trekk. Forsterker trusselen mot d2.
Fritz:} 15. O-O Bxd2 16. Ra1 Nb4 $2 ({Bedre var} 16... Qb4 17. Ra4 Qc5 18. Bxd2
b5 19. Be3 Nd4 20. Ra5 bxc4 21. Rxc5 {[%eval -523,0] Fritz:} Nxc2) 17. Bxd2
Nxc2 18. Bxa5 Nxa1 19. Bxd8 Bd7 20. Ba5 Nc2 21. Bc3 Ba4 $1 {Beste trekk} 22. b3
Rc8 $1 23. Rc1 Na3 24. Bb2 Nxc4 25. Rxc4 Rxc4 26. bxc4 {Sluttspill med
ulikefargede løpere gir ofte remis, men Balder demonstrerer bra
sluttspill-teknikk} Bb3 27. c5 Kf8 28. Kf1 Bc2 29. f3 g6 30. Bd4 a6 31. Ke2 Ke7
32. Kd2 Ba4 33. Kc3 Kd7 34. g3 Bd1 35. f4 Bf3 36. e5 Kc6 37. h4 Kb5 38. Be3 h5
39. Kb3 a5 40. Ka3 a4 41. Bf2 Bc6 42. Kb2 Kc4 43. Kc2 a3 44. Be1 Bd5 45. Bf2 a2
46. Kb2 Kd3 {Oppgitt. Hvit konge må stå å passe på a-bonden. Hvit løper klarer
ikke å beskytte bonden på g3. Svart kan plukke bøndene på Kongefløyen med
kongen og gå i mål med ny dronning.} 0-1

[Event "Østlandsserien 2019/2020, 3. div. C"]
[Site "Oslo NOR"]
[Date "2019.12.08"]
[Round "2"]
[White "Johansen, Anders Sten"]
[Black "Kittilsen, Sigurd"]
[Result "0-1"]
[WhiteElo "1827"]
[BlackElo "1880"]
[Annotator "Johansen, A S og Lea, P"]
[PlyCount "134"]
[EventDate "2019.11.03"]
[WhiteTeam "Follo 1"]
[BlackTeam "Stjernen 2"]

1. e4 c5 2. Nf3 g6 3. g3 Bg7 4. Bg2 Nc6 5. O-O d6 6. d3 e5 7. Nbd2 Nge7 8. c3
O-O 9. Qe2 h6 10. Re1 Be6 11. Nf1 d5 12. exd5 Nxd5 13. Ne3 Nxe3 14. Bxe3 Qd6
15. Nd2 b6 16. Nc4 Qd7 17. f4 exf4 18. Bxf4 Bd5 19. Bxd5 Qxd5 20. Qe4 Rad8 21.
Rad1 Rd7 22. Qxd5 Rxd5 23. Ne3 Rd7 24. Ng4 g5 25. Bc1 Rfd8 26. Kf2 Rxd3 27.
Rxd3 Rxd3 28. Re8+ Kh7 29. Ke2 Rd7 30. Rc8 Ne5 31. Nxe5 Bxe5 32. a4 f6 33. a5
Kg6 34. axb6 axb6 35. Ra8 h5 36. Be3 Kf5 37. Ra4 Rb7 38. Ra1 c4 39. Rd1 b5 40.
Bc5 Kg4 41. Kf2 h4 42. gxh4 Kxh4 43. Kg2 g4 44. Bf2+ Kg5 45. Bg3 Kf5 46. Bxe5
Kxe5 47. Kg3 f5 48. Re1+ Kf6 $4 {Slipper hvit inn i partiet igjen til en død 
(?) remisstilling} (48... Kd6 $19) (48... Kd5 $19) 49. Kf4 Rh7 50. Rd1 $4 {
Hvit glipper taket} (50. Re5 {gir en grei remisstilling}) 50... Rxh2 51. Rd6+
Ke7 52. Rb6 Rxb2 53. Kxf5 g3 54. Rb7+ Kd6 55. Rg7 g2 56. Ke4 Re2+ 57. Kd4 Rd2+
58. Ke4 Kc5 59. Rg5+ Kb6 60. Rg6+ Ka5 61. Rg8 Ka4 62. Rg3 Kb3 63. Ke5 Kc2 64.
Ke4 Kd1 65. Rg8 Ke1 66. Ke3 Re2+ 67. Kf3 Kf1 0-1

[Event "Østlandsserien 2019/2020, 3. div. C"]
[Site "Oslo NOR"]
[Date "2019.12.08"]
[Round "2"]
[White "Omtvedt, Per"]
[Black "Furnes, Torstein"]
[Result "1-0"]
[WhiteElo "1897"]
[BlackElo "1781"]
[PlyCount "111"]
[EventDate "2019.11.03"]
[WhiteTeam "Stjernen 2"]
[BlackTeam "Follo 1"]

1. e4 c5 2. Nc3 Nc6 3. g3 d6 4. Bg2 Nf6 5. d3 Bg4 6. f3 Bd7 7. Nge2 g6 8. Be3
Bg7 9. Qd2 Qc8 10. O-O Bh3 11. Nf4 Bxg2 12. Kxg2 O-O 13. Rab1 Rd8 14. a3 a6 15.
Nfd5 Nxd5 16. Nxd5 Rb8 17. b4 cxb4 18. axb4 b5 19. Bg5 Rd7 20. c3 Qb7 21. Ra1
Ne5 22. Ra2 Ra8 23. Rfa1 Nc6 24. Ra3 Nb8 25. Be3 Rd8 26. Bb6 Rc8 27. Ba5 Rc6
28. Bd8 Bf8 29. Qe3 e6 30. Nf6+ Kg7 31. Ng4 Nd7 32. Bg5 f6 33. Bh6+ Kf7 34.
Bxf8 Kxf8 35. h4 Rac8 36. Qd4 Ke7 37. Ne3 e5 38. Nd5+ Ke6 39. Qe3 Nf8 40. Qh6
Qa7 41. h5 Ra8 42. hxg6 hxg6 43. f4 Qh7 44. Qxh7 Nxh7 45. Kf3 Kd7 46. Rh1 Nf8
47. Nxf6+ Ke6 48. Nd5 Ra7 49. Rh8 Rf7 50. Ke3 Kd7 51. Rh1 Kc8 52. f5 gxf5 53.
exf5 Kd7 54. g4 Rg7 55. Rha1 Kc8 56. f6 1-0

[Event "Østlandsserien 2019/2020, 3. div. C"]
[Site "Oslo NOR"]
[Date "2019.12.08"]
[Round "2"]
[White "Lea, Per"]
[Black "Danielsen, Vetle Kr"]
[Result "1/2-1/2"]
[WhiteElo "1735"]
[BlackElo "1703"]
[Annotator "Lea, Per"]
[PlyCount "113"]
[EventDate "2019.11.03"]
[WhiteTeam "Follo 1"]
[BlackTeam "Stjernen 2"]

1. e4 c5 2. Nf3 Nc6 3. d4 cxd4 4. Nxd4 Nf6 5. Nc3 e5 6. Ndb5 d6 7. Bg5 a6 8.
Na3 b5 9. Nd5 Be7 10. Bxf6 Bxf6 11. c3 O-O (11... Ne7 12. Nxf6+ gxf6 {(P. Lea
- T. Furnes (Høstturnering 2015) - etter at sistnevnte hadd sett partiet A.
Giri - M.Carlsen i Sinquefield Cup samme år. Etter det har Torstein mot meg
bare spilt det i hurtig- og muligens lynsjakk.)}) 12. Nc2 (12. Be2 {spilte jeg
mot Torstein i 1997 - og tapte}) 12... Bg5 13. a4 bxa4 14. Rxa4 a5 ({Også her
har Torstein prøvd med springeravbytte (Klubbmesterskapet 2007). Et
minneverdig parti - spesielt for tilskuerne: etter 38 trekk, i sterk tidsnød,
hadde jeg en forsert matt i 5 trekk, men valgte i stedet å gi en sjakk for å
vinne tid - og plutselig var det Torstein som hadde forsert matt i 10! I
ettertid velger jeg å se det humoristiske i det...} 14... Ne7) 15. Bc4 Rb8 ({
Torstein har prøvd både} 15... Bd7 {(Også det etter en idé av Magnus, som
endte med at Torstein vant)}) ({og} 15... Be6 {(med remis) i denne stillingen})
16. Ra2 Ne7 (16... Kh8 {har Torstein spilt 5 ganger mot meg i denne stillingen
- og vunnet 1, tapt 2 og spilt remis 2 ganger. Men i herværende parti kommer
kongetrekket litt seinere, og det kan godt tenkes at det er lurt å ha
springeren på e7 i det øyeblikket f5 spilles.}) 17. Nce3 Bxe3 18. Nxe3 Kh8 19.
O-O f5 20. exf5 Nxf5 21. Nxf5 Bxf5 22. b3 {Snart kommer den litt rare
tårnplasseringa på a2 til sin rett: tårnet våkner snart til liv på d2} Rc8 ({
Stockfish foreslår} 22... Be4 {men med} 23. Bd5 {kveler hvit enkelt alle
svarts forsøk på å avansere med d-bonden}) 23. Re1 Rc5 24. Rd2 Rf6 25. Rd5 Rxd5
26. Qxd5 Be6 27. Qd3 (27. Qb5 {er kanskje objektivt sett bedre, men jeg trodde
det var sterkere å ha dronninga i d-linja for å true tårnslag på e5. Men den
trusselen er lett å parere, til og med med en mottrussel.}) 27... Qb6 28. Re3
Bxc4 29. Qxc4 h6 30. Qd5 Rf8 31. Rf3 {Sikter inn på remis} Rb8 {Svart velger å
spille på vinst, men stillingen er i balanse} ({F. eks.:} 31... Rxf3 32. Qxf3
Qxb3 33. Qf8+ Qg8 34. Qxd6 Qa8 $11) 32. h3 Qxb3 33. Qxd6 Qb1+ 34. Kh2 Qb5 {En
liten unøyaktighet, men ikke så lett å utnytte. Sannsynligvis har svart
oversett hvits svartrekk.} 35. c4 $1 Qe8 36. Re3 Rc8 37. Rxe5 Qf7 38. Rxa5 Qxc4
39. Rf5 Qc2 40. Qg6 {Truer en stygg avdekker på f8} Qc7+ 41. g3 Qc3 42. Kg2 {
Ikke lett å finne en plan når bøndene er samlet på kongefløyen. Hvit kan neppe
klare å få bønder fram til g5 og h5 uten at svarts dronning plager hvits konge
til evig sjakk.} Qc6+ 43. Qxc6 Rxc6 {"Bondesluttspill er remis!" Stockfish
teller bønder og gir fordel for hvit, men svart har ingen problemer med å
holde partiet.} 44. Kf3 Kg8 45. Ke4 g5 46. Kd5 Ra6 47. Re5 Kf7 48. g4 Kf6 49.
Re3 Ra2 50. Rf3+ Kg6 51. Ke4 Re2+ 52. Kd3 Ra2 53. Ke3 Ra1 54. Ke2 Rb1 55. Ke3
Rb4 56. Ke2 Rb1 57. Ke3 1/2-1/2

[Event "Østlandsserien 2019/2020, 3. div. C"]
[Site "Ås, Viken NOR"]
[Date "2020.01.19"]
[Round "3"]
[White "Melaa, Sondre Lillestøl"]
[Black "Lange, David"]
[Result "1-0"]
[WhiteElo "2170"]
[BlackElo "1981"]
[PlyCount "121"]
[EventDate "2019.11.03"]
[WhiteTeam "OSS Kadett"]
[BlackTeam "Follo 1"]

1. d4 Nf6 2. Bg5 g6 3. Bxf6 exf6 4. e3 d5 5. c4 c6 6. Nc3 Bg7 7. cxd5 cxd5 8.
Qb3 O-O 9. Qxd5 a6 10. Qxd8 Rxd8 11. Nf3 Nc6 12. Rc1 f5 13. Na4 f4 14. Nb6 Rb8
15. Bc4 Bh6 16. e4 Bg4 17. d5 Bxf3 18. gxf3 Nd4 19. Be2 Bg7 20. Bd1 Rd6 21. Nc4
Rdd8 22. Nb6 Rd6 23. Na4 Rd7 24. Kd2 Re8 25. Nc5 Rd6 26. Re1 f5 27. Nb3 fxe4
28. fxe4 f3 29. Kd3 Nxb3 30. Bxb3 Bxb2 31. Rc7 b5 32. Re3 Be5 33. Rxf3 Rf8 34.
Rxf8+ Kxf8 35. Rxh7 Rf6 36. Ke3 g5 37. h4 g4 38. Bd1 g3 39. fxg3 Bxg3 40. Kd4
Rf2 41. Bb3 a5 42. d6 Bxd6 43. Kd5 Bg3 44. Ke6 Rf4 45. Bd5 Rxh4 46. Rb7 b4 47.
Ra7 Be1 48. Rxa5 Rh6+ 49. Kd7 Bc3 50. Be6 Kg7 51. Rg5+ Kf6 52. Rf5+ Kg6 53. Kd6
Rh1 54. Rf3 Rd1+ 55. Bd5 Re1 56. a4 Ra1 57. Bc6 Ra3 58. e5 Bxe5+ 59. Kxe5 b3
60. Kd4 Kg5 61. Kc3 1-0

[Event "Østlandsserien 2019/2020, 3. div. C"]
[Site "Ås, Viken NOR"]
[Date "2020.01.19"]
[Round "3"]
[White "Johansen, Anders Sten"]
[Black "Tunsjø, Axel"]
[Result "0-1"]
[WhiteElo "1810"]
[BlackElo "2026"]
[Annotator "Johansen, Anders Sten"]
[PlyCount "72"]
[EventDate "2019.11.03"]
[WhiteTeam "Follo 1"]
[BlackTeam "OSS Kadett"]

1. d4 Nf6 2. Nf3 e6 3. e3 d5 4. c4 dxc4 5. Bxc4 a6 6. O-O b5 7. Bd3 Bb7 8. b3
Nbd7 9. Bb2 Be7 10. Nbd2 O-O 11. Rc1 Rc8 12. Qe2 c5 13. Rfd1 Qb6 14. e4 Rfd8
15. Nf1 c4 16. Bb1 Nf8 17. Ng3 Ng6 18. Qe3 a5 19. h4 Bd6 20. e5 $4 (20. bxc4)
20... Nd5 21. Qe2 Be7 22. h5 Ngf4 23. Qe4 g6 24. hxg6 hxg6 25. bxc4 bxc4 26.
Qc2 c3 27. Ba1 Ba3 28. Ng5 Bxc1 29. Qxc1 c2 30. Bxc2 Qc6 31. Qa3 Qxc2 32. Rf1
Ne2+ 33. Nxe2 Qxe2 34. Qh3 Qxf1+ 35. Kxf1 Rc1+ 36. Ke2 Nf4+ 0-1

[Event "Østlandsserien 2019/2020, 3. div. C"]
[Site "Ås, Viken NOR"]
[Date "2020.01.19"]
[Round "3"]
[White "Khoo-Thwe, Louis"]
[Black "Furnes, Torstein"]
[Result "1-0"]
[WhiteElo "1654"]
[BlackElo "1766"]
[Annotator "Furnes, Torstein"]
[PlyCount "79"]
[EventDate "2019.11.03"]
[WhiteTeam "OSS Kadett"]
[BlackTeam "Follo 1"]

1. e4 c5 2. Nf3 Nc6 3. Bb5 Qc7 4. O-O d6 5. c3 Bd7 6. d4 a6 7. Bxc6 Bxc6 8. d5
Bb5 9. Re1 Nf6 10. e5 dxe5 11. Rxe5 O-O-O 12. Bf4 e6 13. c4 $1 Be8 ({Jeg tok
ikke sjansen på å spille} 13... Bxc4 {fordi jeg likte ikke} 14. Re4 {med
dobbelttrussel på dronningen og løperen. Men Fritz 11 mener at svart får en
liten fordel etter} Rxd5 15. Nbd2 Nxe4 16. Bxc7 Kxc7) 14. Bg3 Bd6 15. Rg5 Bxg3
16. hxg3 g6 ({Fritz vil spille} 16... h6 $1 {og hvis svart prøver å ta bonden
på g7, blir tårnet fanget og svart vinner kvalitet.} 17. Rxg7 Qd6 18. Nh4 Qf8
19. Rg4 Nxg4 20. Qxg4) 17. Nc3 h6 18. Re5 Ng4 19. Re2 h5 20. Qb3 e5 ({Fritz
anbefaler} 20... h4 $1 21. gxh4 Rxh4 $1 {og tårnet kan selvsagt ikke slås:} 22.
Nxh4 $4 Qh2+ 23. Kf1 Qh1#) 21. Ne4 f5 22. Neg5 Qd6 $2 (22... Bd7 $1 23. Nf7 Ba4
24. Qxa4 Qxf7 25. Nxe5 Nxe5 26. Rxe5) 23. Ne6 Rd7 24. Qc3 Rdh7 25. Nfg5 (25.
Nxe5 Nxe5 26. Rxe5 h4 27. Ng5 Rh6 28. Rae1 Qd7 29. g4 fxg4 30. Re7 $18) 25...
Rh6 26. f3 Nf6 ({Jeg burde prøvd} 26... h4 $1 27. fxg4 (27. gxh4 Rxh4 28. fxg4
Rh1+ 29. Kf2 Rxa1) 27... hxg3 28. Nh3 fxg4) 27. Qxe5 Qxe5 28. Rxe5 Nd7 29. Re2
h4 30. Ng7 Nf6 31. gxh4 Rxh4 32. Rae1 Bd7 33. b3 Nh5 34. Nxh5 R4xh5 35. Nf7
R8h7 36. Re7 f4 37. Nd6+ Kc7 38. Rxh7 Rxh7 39. Ne4 {Tidsnød-tabbe rett før
tidskontrollen:} Re7 $4 40. d6+ 1-0

[Event "Østlandsserien 2019/2020, 3. div. C"]
[Site "Ås, Viken NOR"]
[Date "2020.01.19"]
[Round "3"]
[White "Lange, Holger"]
[Black "Engedal, Jo Frønsdal"]
[Result "0-1"]
[WhiteElo "1756"]
[BlackElo "1431"]
[PlyCount "128"]
[EventDate "2019.11.03"]
[WhiteTeam "Follo 1"]
[BlackTeam "OSS Kadett"]

1. e4 c5 2. Nf3 e6 3. d4 cxd4 4. Nxd4 a6 5. c4 Nf6 6. Bd3 Nc6 7. Nxc6 dxc6 8.
O-O e5 9. Bg5 Be7 10. Nc3 Be6 11. Qc2 O-O 12. Rad1 Qc7 13. f4 exf4 14. Bxf4 Bd6
15. Bxd6 Qxd6 16. h3 Qc5+ 17. Qf2 Qxf2+ 18. Rxf2 Rad8 19. Rfd2 Nd7 20. Be2 f6
21. Na4 Rde8 22. b3 Ne5 23. Nc5 Re7 24. Rd6 Rfe8 25. Rd8 Kf8 26. R1d6 Rxd8 27.
Rxd8+ Kf7 28. a4 h6 29. Rb8 Nd7 30. Nxd7 Rxd7 31. Kf2 Ke7 32. Ke3 Kd6 33. Bh5
Bf7 34. Bg4 Be6 35. Bh5 Rc7 36. Rd8+ Kc5 37. Kd3 Rd7+ 38. Rxd7 Bxd7 39. Kc3 a5
40. h4 g5 41. hxg5 fxg5 42. g3 Bh3 43. e5 Bf5 44. Be2 b6 45. Bd3 Be6 46. Be2
Bf7 47. Bd3 h5 48. Bf5 h4 49. gxh4 gxh4 50. Bd7 Bh5 51. Bh3 Bg6 52. Bg4 {Med
remistilbud} Bb1 53. Bd7 Bg6 54. Bg4 Be4 55. Bh3 Bf3 56. e6 Kd6 57. Kd4 c5+ 58.
Kd3 Bh5 59. Kc3 Bg6 60. Kd2 Bh7 61. Ke3 Bc2 62. Kf4 Bxb3 63. Kg5 Ke7 64. Kxh4
Bxc4 0-1

[Event "Østlandsserien 2019/2020, 4. div. D"]
[Site "Ås, Viken NOR"]
[Date "2020.01.19"]
[Round "3"]
[White "Glomnes, Elias Horsfjord"]
[Black "Andersen, Odd"]
[Result "1-0"]
[WhiteElo "1355"]
[BlackElo "1721"]
[Annotator "Lea, Per"]
[PlyCount "145"]
[EventDate "2019.11.03"]
[WhiteTeam "OSS Lilleputt"]
[BlackTeam "Follo 2"]

1. c4 g6 2. Nf3 d6 3. d4 Nf6 4. Nc3 Bg7 5. e4 O-O 6. Be2 c6 7. Be3 Ng4 8. Bf4
e5 9. dxe5 dxe5 10. Bg3 Qxd1+ 11. Rxd1 f6 12. c5 Be6 13. O-O Nh6 14. Nd2 Na6
15. Na4 Rfd8 16. f4 Rd4 17. Bxa6 bxa6 18. Nc3 Rad8 19. Nf3 Rxd1 20. Rxd1 Rxd1+
21. Nxd1 exf4 22. Bxf4 Bxa2 23. Nd4 Bf8 24. Bd6 Bxd6 25. cxd6 Kf7 26. Nxc6 Ke6
27. Kf2 Kxd6 28. Nd4 Ng4+ 29. Kg3 Ne5 30. Kf2 Kc5 31. Ke3 Ng4+ 32. Kd3 Bb1+ 33.
Nc2 Nxh2 34. b4+ Kb5 35. Nc3+ Kb6 36. Nxb1 a5 37. bxa5+ Kxa5 38. Ne3 Kb6 39.
Ke2 f5 40. Kf2 f4 41. Nd5+ Kc5 42. Nxf4 Ng4+ 43. Kf3 Ne5+ 44. Ke3 a5 45. Nd3+
Nxd3 46. Kxd3 h5 47. Ke3 g5 48. Nc3 h4 49. Na4+ Kd6 50. Nb2 Ke6 51. Kf3 Kf6 52.
Kg4 Ke5 53. Nc4+ Kxe4 54. Nxa5 Ke3 55. Nc4+ Kf2 56. Kh3 g4+ $4 (56... Kg1 $1
$11) 57. Kh2 h3 58. g3 Kf3 59. Ne5+ Ke4 60. Nxg4 Kf5 61. Kxh3 Kg5 62. Ne3 Kh5
63. g4+ Kg5 64. Kg3 Kg6 65. Kf4 Kf6 66. g5+ Kg6 67. Kg4 Kg7 68. Kf5 Kf7 69. g6+
Kg7 70. Kg5 Kg8 71. Kf6 Kf8 72. g7+ Kg8 73. Nd5 1-0

[Event "Østlandsserien 2019/2020, 4. div. D"]
[Site "Ås, Viken NOR"]
[Date "2020.01.19"]
[Round "3"]
[White "Glomnes, Steinar"]
[Black "Larsen, Jo Ingebrigt"]
[Result "0-1"]
[WhiteElo "1165"]
[BlackElo "1572"]
[PlyCount "108"]
[EventDate "2019.11.03"]
[WhiteTeam "OSS Lilleputt"]
[BlackTeam "Follo 2"]

1. d4 Nf6 2. c4 e6 3. Nf3 Bb4+ 4. Nc3 O-O 5. e3 d5 6. a3 Be7 7. c5 b6 8. b4 Bb7
9. Bd3 Ne4 10. Qc2 f5 11. Bb2 a5 12. Ne5 Nc6 13. Nf3 axb4 14. axb4 Rxa1+ 15.
Bxa1 Nxb4 16. Qb1 bxc5 17. dxc5 Bxc5 18. Ne5 Qg5 19. Rg1 Nxf2 20. Nd1 Nxd1 21.
Kxd1 Ra8 22. Qb2 Ra2 23. Qc3 Nxd3 24. Nxd3 Qg4+ 25. Kc1 Bxe3+ 26. Kb1 Rxa1+ 27.
Qxa1 Bxg1 28. Qb2 Qd1+ 29. Nc1 Bb6 30. Qb5 Kf7 31. Qd7+ Kf6 32. Qd8+ Ke5 33.
Qd7 Qg4 34. Nd3+ Kd4 35. Nf2 Qxg2 36. Qa4+ Ke5 37. Nd3+ Kf6 38. Qh4+ Qg5 39.
Qxh7 Bd4 40. Qg8 Qg1+ 41. Nc1 Be3 42. Qd8+ Kg6 43. Qe8+ Kh7 44. Qh5+ Bh6 45.
Qe2 Qxc1+ 46. Ka2 Qc4+ 47. Qxc4 dxc4 48. Kb2 Bd2 49. Kc2 c3 50. h4 Be4+ 51. Kd1
f4 52. h5 f3 53. h6 f2 54. hxg7 f1=Q# 0-1